[Event "18.Città di Padova Open A"]
[Site "Padova"]
[Date "2015.12.14"]
[Round "2.6"]
[White "Maiorov, Nikita"]
[Black "Mrdja, Milan"]
[Result "1-0"]
[WhiteElo "2566"]
[BlackElo "2365"]
[Annotator "Gabriele Ballarin"]
[PlyCount "105"]
[EventDate "2015.12.13"]
[EventType "swiss"]
[EventRounds "9"]
[EventCountry "ITA"]
[SourceTitle "The Week in Chess 1101"]
[Source "Mark Crowther"]
[SourceDate "2015.12.14"]
[SourceVersion "1"]
[SourceVersionDate "2015.12.14"]
[SourceQuality "2"]

1. d4 Nf6 2. c4 e6 3. Nc3 Bb4 4. Qc2 O-O 5. a3 Bxc3+ 6. Qxc3 b6 7. Bg5 Bb7 8. f3 d5 9. e3 Nbd7 10. Nh3 h6 11. Bh4 c5 12. cxd5 cxd4 13. Qxd4 e5 14. Qd1 Bxd5 15. Be2 Be6 16. Nf2 Qe7 17. O-O Rfd8 18. Qe1 Rac8 19. Rc1 g5 20. Bg3 Nd5 21. Bb5 f6 22. Qe2 a5 23. Nd3 Nc5 24. Nxc5 Rxc5 25. Bf2 Rdc8 26. Rcd1 Bf7 27. Bd3 Kg7 28. Qd2 Nc7 29. Bb1 Ne6 30. Qd3 Nf8 31. Rfe1 Rd5 32. Qa6 Rxd1 33. Rxd1 Qe6 34. Ba2 Qc6 35. Bxf7 Kxf7 36. e4 Nd7 37. b4 axb4 38. axb4 Kg6 39. h3 h5 40. Qd3 Nf8 41. b5 Qe8 42. Bxb6 Rb8 43. Qd6 Ne6 44. Rc1 Rb7 45. Rc6 Kf7 46. Qd5 Rd7 47. Qb3 Rb7 48. Qc4 Qd7 49. Kh2 g4 50. fxg4 hxg4 51. h4 Qe8 52. Bc7 Kg6 53. Bxe5 1-0

[Event "18.Città di Padova Open A"]
[Site "Padova"]
[Date "2015.12.14"]
[Round "2.7"]
[White "Aghayev, Miragha"]
[Black "Strikovic, Aleksandr"]
[Result "1-0"]
[WhiteElo "2367"]
[BlackElo "2505"]
[Annotator "Gabriele Ballarin"]
[PlyCount "93"]
[EventDate "2015.12.13"]
[EventType "swiss"]
[EventRounds "9"]
[EventCountry "ITA"]
[SourceTitle "The Week in Chess 1101"]
[Source "Mark Crowther"]
[SourceDate "2015.12.14"]
[SourceVersion "1"]
[SourceVersionDate "2015.12.14"]
[SourceQuality "2"]

1. e4 d6 2. d4 Nf6 3. Nc3 e5 4. Nf3 Nbd7 5. Bc4 exd4 6. Nxd4 Nb6 7. Be2 Be7 8. O-O O-O 9. a4 a5 10. f4 c6 11. Kh1 Re8 12. Bf3 Bf8 13. b3 d5 14. e5 Nfd7 15. Bb2 Nc5 16. Qd2 f6 17. Rae1 fxe5 18. fxe5 g6 19. Qf2 Ne6 20. Bg4 Nxd4 21. Qf7+ Kh8 22. e6 c5 23. Nb5 Bxe6 24. Rxe6 Bg7 25. Bxd4 cxd4 26. Rxe8+ Qxe8 27. Qxb7 Rb8 28. Qa7 Be5 29. Qxa5 Nd7 30. Bxd7 Qxd7 31. Qd2 Qg4 32. Qf2 Rc8 33. Nd6 Bxd6 34. Qf6+ Kg8 35. Qf7+ Kh8 36. Qf6+ Kg8 37. Qxd6 Qe4 38. a5 d3 39. cxd3 Qxd3 40. Qe6+ Kg7 41. Qf6+ Kh6 42. Qh4+ Kg7 43. Qe7+ Kh6 44. Re1 Qd4 45. h4 Rc3 46. Qg5+ Kg7 47. h5 1-0

[Event "18.Città di Padova Open A"]
[Site "Padova"]
[Date "2015.12.14"]
[Round "2.8"]
[White "Godena, Michele"]
[Black "Brunello, Marina"]
[Result "1-0"]
[WhiteElo "2499"]
[BlackElo "2342"]
[Annotator "Gabriele Ballarin"]
[PlyCount "131"]
[EventDate "2015.12.13"]
[EventType "swiss"]
[EventRounds "9"]
[EventCountry "ITA"]
[SourceTitle "The Week in Chess 1101"]
[Source "Mark Crowther"]
[SourceDate "2015.12.14"]
[SourceVersion "1"]
[SourceVersionDate "2015.12.14"]
[SourceQuality "2"]

1. e4 c5 2. c3 Nf6 3. e5 Nd5 4. Bc4 e6 5. Nf3 d6 6. d4 cxd4 7. cxd4 Be7 8. O-O O-O 9. Qe2 b6 10. Rd1 Bb7 11. Bxd5 Bxd5 12. Nc3 Bxf3 13. Qxf3 d5 14. Qg4 f5 15. exf6 Rxf6 16. Bf4 Qd7 17. Rac1 Nc6 18. Ne2 Raf8 19. Qg3 Rc8 20. Rc3 Bb4 21. Rc2 Rff8 22. Rdc1 Be7 23. h3 Bf6 24. Qe3 Rfe8 25. a3 Qb7 26. b4 a6 27. Bg5 Bxg5 28. Qxg5 Qd7 29. Qe3 Ne7 30. Nf4 Nf5 31. Qd3 b5 32. Rxc8 Rxc8 33. Re1 Re8 34. Qd1 Qf7 35. Qd2 Nd6 36. Nd3 Nc4 37. Qc3 Rf8 38. Re2 Qg6 39. Nc5 Qb1+ 40. Re1 Qa2 41. f3 Qxa3 42. Qxa3 Nxa3 43. Rxe6 Nc2 44. Rxa6 Nxd4 45. Rd6 Nc2 46. Nd7 Rf5 47. Rc6 Nxb4 48. Rc8+ Kf7 49. g4 Rf6 50. Nxf6 Kxf6 51. Rc5 Ke5 52. Rxb5 Nd3 53. Rb7 Kf6 54. h4 Nf4 55. Kf2 h5 56. g5+ Kg6 57. Rd7 Kh7 58. Rf7 Nd3+ 59. Kg3 Kg6 60. Rf8 Nc1 61. Kf2 Nd3+ 62. Ke2 Nb4 63. f4 Nc6 64. f5+ Kh7 65. g6+ Kh6 66. Rh8# 1-0

[Event "18.Città di Padova Open A"]
[Site "Padova"]
[Date "2015.12.14"]
[Round "2.9"]
[White "Lodici, Lorenzo"]
[Black "Zaja, Ivan"]
[Result "1-0"]
[WhiteElo "2347"]
[BlackElo "2481"]
[Annotator "Gabriele Ballarin"]
[PlyCount "43"]
[EventDate "2015.12.13"]
[EventType "swiss"]
[EventRounds "9"]
[EventCountry "ITA"]
[SourceTitle "The Week in Chess 1101"]
[Source "Mark Crowther"]
[SourceDate "2015.12.14"]
[SourceVersion "1"]
[SourceVersionDate "2015.12.14"]
[SourceQuality "2"]

1. d4 e6 2. c4 b6 3. e4 Bb7 4. Bd3 Nc6 5. Ne2 Nb4 6. Nbc3 Nxd3+ 7. Qxd3 g6 8. h4 h5 9. Bg5 Be7 10. d5 Bxg5 11. hxg5 d6 12. dxe6 Qxg5 13. exf7+ Kxf7 14. f4 Qc5 15. O-O-O Nf6 16. Nd4 Rae8 17. Rhe1 Ba6 18. b3 Bb7 19. Nf3 Ng4 20. Nd5 Bxd5 21. exd5 Re3 22. Ng5+ 1-0

[Event "18.Città di Padova Open A"]
[Site "Padova"]
[Date "2015.12.14"]
[Round "2.10"]
[White "Kovacevic, Blazimir"]
[Black "Sonis, Francesco"]
[Result "1-0"]
[WhiteElo "2480"]
[BlackElo "2317"]
[Annotator "Gabriele Ballarin"]
[PlyCount "51"]
[EventDate "2015.12.13"]
[EventType "swiss"]
[EventRounds "9"]
[EventCountry "ITA"]
[SourceTitle "The Week in Chess 1101"]
[Source "Mark Crowther"]
[SourceDate "2015.12.14"]
[SourceVersion "1"]
[SourceVersionDate "2015.12.14"]
[SourceQuality "2"]

1. d4 Nf6 2. Bg5 e6 3. e3 Be7 4. Nd2 b6 5. Bd3 Bb7 6. Ngf3 c5 7. O-O O-O 8. c3 d6 9. Re1 Nbd7 10. e4 e5 11. dxe5 Nxe5 12. Nxe5 dxe5 13. Qe2 Qc7 14. Nf1 g6 15. Bh6 Rfd8 16. Ng3 Qd7 17. Rad1 Qg4 18. f3 Qh4 19. Be3 Nh5 20. Nxh5 Qxh5 21. Ba6 Bxa6 22. Qxa6 Bh4 23. g4 Bf2+ 24. Bxf2 Qh3 25. Bg3 h5 26. Qf1 1-0

[Event "18.Città di Padova Open A"]
[Site "Padova"]
[Date "2015.12.14"]
[Round "2.11"]
[White "De Santis, Alessio"]
[Black "Swayams, Mishra"]
[Result "0-1"]
[WhiteElo "2330"]
[BlackElo "2477"]
[Annotator "Gabriele Ballarin"]
[PlyCount "76"]
[EventDate "2015.12.13"]
[EventType "swiss"]
[EventRounds "9"]
[EventCountry "ITA"]
[SourceTitle "The Week in Chess 1101"]
[Source "Mark Crowther"]
[SourceDate "2015.12.14"]
[SourceVersion "1"]
[SourceVersionDate "2015.12.14"]
[SourceQuality "2"]

1. b3 Nf6 2. Bb2 b6 3. Nf3 Bb7 4. g3 g6 5. Bg2 Bg7 6. O-O c5 7. c4 O-O 8. Nc3 d6 9. d4 cxd4 10. Nxd4 Bxg2 11. Kxg2 Qc8 12. e4 Qb7 13. f3 Nbd7 14. Qd2 Rfe8 15. Nd5 a6 16. a4 Rac8 17. a5 bxa5 18. Rxa5 e5 19. Nxf6+ Nxf6 20. Ne2 Qxb3 21. Ra3 Qxc4 22. Rc1 Qb5 23. Nc3 Qb7 24. Rca1 Rc6 25. R1a2 Rec8 26. Qd3 Nd7 27. Bc1 Nc5 28. Qd5 Ne6 29. Be3 Nd4 30. Bxd4 exd4 31. Ne2 Qb4 32. Ra4 Qe1 33. Nxd4 Rc1 34. g4 Be5 35. Kh3 g5 36. Nf5 Qf1+ 37. Rg2 Qxg2+ 38. Kxg2 R8c2+ 0-1

[Event "18.Città di Padova Open A"]
[Site "Padova"]
[Date "2015.12.14"]
[Round "2.12"]
[White "Dragojlovic, Andjelko"]
[Black "Valsecchi, Alessio"]
[Result "0-1"]
[WhiteElo "2309"]
[BlackElo "2466"]
[Annotator "Gabriele Ballarin"]
[PlyCount "98"]
[EventDate "2015.12.13"]
[EventType "swiss"]
[EventRounds "9"]
[EventCountry "ITA"]
[SourceTitle "The Week in Chess 1101"]
[Source "Mark Crowther"]
[SourceDate "2015.12.14"]
[SourceVersion "1"]
[SourceVersionDate "2015.12.14"]
[SourceQuality "2"]

1. c4 g6 2. Nc3 c5 3. g3 Bg7 4. Bg2 Nc6 5. Nf3 d6 6. d3 e6 7. O-O Nge7 8. a3 O-O 9. Bd2 Rb8 10. Rb1 b6 11. b4 Bb7 12. e4 Qd7 13. b5 Ne5 14. Ne1 f5 15. f4 Ng4 16. Qe2 Rbe8 17. h3 Nh6 18. Nf3 Nf7 19. Kh2 Kh8 20. Rbe1 e5 21. Qd1 Ng8 22. Qc2 Nf6 23. a4 Nh5 24. Nd5 Nd8 25. fxe5 dxe5 26. Bc3 Qd6 27. Qb2 Bxd5 28. cxd5 f4 29. g4 Ng3 30. Rf2 Nf7 31. Nd2 Qf6 32. a5 h5 33. Nf3 Qd8 34. axb6 axb6 35. Ra1 hxg4 36. hxg4 c4 37. Ra7 cxd3 38. Rxf7 Rxf7 39. Nxe5 Bxe5 40. Bxe5+ Kg8 41. d6 Ne2 42. Rf3 Qg5 43. d7 Rxd7 44. Qb3+ Rf7 45. Bb2 Ng3 46. Rxd3 Qxg4 47. Rd6 Qh5+ 48. Bh3 Nxe4 49. Rd7 Ng5 0-1

[Event "18.Città di Padova Open A"]
[Site "Padova"]
[Date "2015.12.14"]
[Round "2.13"]
[White "Garcia Palermo, Carlos H"]
[Black "Lanzani, Mario"]
[Result "1-0"]
[WhiteElo "2457"]
[BlackElo "2308"]
[Annotator "Gabriele Ballarin"]
[PlyCount "43"]
[EventDate "2015.12.13"]
[EventType "swiss"]
[EventRounds "9"]
[EventCountry "ITA"]

1. Nf3 c5 2. b3 Nf6 3. Bb2 g6 4. Bxf6 exf6 5. c4 d5 6. cxd5 Qxd5 7. Nc3 Qd8 8. e3 Bg7 9. Bb5+ Bd7 10. Qe2 O-O 11. O-O Nc6 12. Rfd1 Qe7 13. d4 cxd4 14. Bxc6 Bxc6 15. Nxd4 Rac8 16. Rd3 Be4 17. Nxe4 Qxe4 18. Rad1 a6 19. Nf3 f5 20. Nd2 Rc2 21. Nxe4 Rxe2 22. Nd2 1-0

[Event "18.Città di Padova Open A"]
[Site "Padova"]
[Date "2015.12.14"]
[Round "2.14"]
[White "Rossi, Carlo"]
[Black "Enchev, Ivajlo"]
[Result "1-0"]
[WhiteElo "2284"]
[BlackElo "2452"]
[Annotator "Gabriele Ballarin"]
[PlyCount "75"]
[EventDate "2015.12.13"]
[EventType "swiss"]
[EventRounds "9"]
[EventCountry "ITA"]

1. Nc3 d5 2. f4 Nf6 3. Nf3 d4 4. Nb5 c5 5. c3 a6 6. Na3 b5 7. cxd4 cxd4 8. Nc2 Nc6 9. g3 Be6 10. d3 Bd5 11. Bg2 e6 12. O-O Bc5 13. Kh1 O-O 14. b3 Re8 15. Bb2 e5 16. e4 dxe3 17. fxe5 Ng4 18. d4 Bb6 19. Qe2 f6 20. h3 fxe5 21. hxg4 exd4 22. Rad1 Qd6 23. Nfxd4 Bxg2+ 24. Kxg2 Rad8 25. Nf3 Qe6 26. Rxd8 Rxd8 27. Rd1 Qxg4 28. Rxd8+ Nxd8 29. Qd3 Ne6 30. Qd5 e2 31. Qa8+ Nd8 32. Bd4 Bc7 33. Be5 Qd7 34. Bxc7 Qxc7 35. Qd5+ Kf8 36. Qe4 Qd7 37. Qxe2 h6 38. Ncd4 {Nur} 1-0

[Event "18.Città di Padova Open A"]
[Site "Padova"]
[Date "2015.12.14"]
[Round "2.15"]
[White "Zelcic, Robert"]
[Black "Santagati, Alessandro"]
[Result "1/2-1/2"]
[WhiteElo "2520"]
[BlackElo "2262"]
[Annotator "Gabriele Ballarin"]
[PlyCount "201"]
[EventDate "2015.12.13"]
[EventType "swiss"]
[EventRounds "9"]
[EventCountry "ITA"]

1. e4 c5 2. Nf3 e6 3. Nc3 Nc6 4. d4 cxd4 5. Nxd4 Nf6 6. a3 Qc7 7. Be2 a6 8. O-O Bd6 9. Kh1 Bf4 10. Qd3 h5 11. Bxf4 Qxf4 12. g3 Qd6 13. Rad1 Ne5 14. Qe3 Neg4 15. Qg5 Qe5 16. Qxe5 Nxe5 17. f4 Neg4 18. e5 Ne3 19. exf6 gxf6 20. Bf3 Nxf1 21. Rxf1 f5 22. Na4 Kd8 23. Nb6 Rb8 24. a4 d6 25. Re1 Bd7 26. Re3 h4 27. Kg1 hxg3 28. hxg3 Kc7 29. a5 d5 30. c4 dxc4 31. Rc3 Bb5 32. Nxc4 Bxc4 33. Rxc4+ Kd6 34. b3 Rhc8 35. Rxc8 Rxc8 36. Bxb7 Rb8 37. Bxa6 Kc5 38. Nf3 Rxb3 39. Be2 f6 40. Kf2 Ra3 41. a6 Kd5 42. Ne1 e5 43. Nc2 Ra5 44. Ne3+ Ke4 45. Nc4 Ra2 46. fxe5 f4 47. exf6 fxg3+ 48. Kxg3 Rxa6 49. Nd2+ Ke5 50. Bxa6 Kxf6 51. Kf4 Ke6 52. Ke4 Kd6 53. Nb3 Ke6 54. Bc4+ Kf6 55. Nd4 Kg5 56. Bf1 Kg4 57. Nf5 Kg5 58. Bh3 Kf6 59. Nd4 Kg5 60. Kf3 Kh4 61. Bg4 Kg5 62. Kg3 Kg6 63. Kf4 Kf6 64. Bf5 Ke7 65. Ke5 Kf8 66. Ne2 Ke7 67. Nc3 Kf7 68. Nd5 Kg7 69. Kf4 Kh6 70. Kg4 Kg7 71. Kg5 Kf8 72. Bd7 Kg7 73. Be8 Kf8 74. Bh5 Kg7 75. Bg4 Kf8 76. Kh6 Kg8 77. Ne7+ Kf7 78. Ng6 Kf6 79. Nf4 Ke5 80. Kg5 Ke4 81. Ne2 Ke3 82. Kf5 Kd3 83. Kf4 Kd2 84. Ke4 Kc2 85. Kd4 Kb3 86. Kd3 Kb2 87. Kc4 Kc2 88. Nd4+ Kb2 89. Kb4 Ka2 90. Kc3 Kb1 91. Kb3 Ka1 92. Nc2+ Kb1 93. Bf5 Kc1 94. Nd4 Kd2 95. Kc4 Ke3 96. Ne6 Kd2 97. Kb3 Kc1 98. Kc3 Kd1 99. Nd4 Kc1 100. Be4 Kd1 101. Bc2+ 1/2-1/2

[Event "18.Città di Padova Open A"]
[Site "Padova"]
[Date "2015.12.14"]
[Round "2.16"]
[White "Papathanasiou, Elisavet"]
[Black "Nikolov, Momchil"]
[Result "0-1"]
[WhiteElo "1955"]
[BlackElo "2548"]
[Annotator "Gabriele Ballarin"]
[PlyCount "64"]
[EventDate "2015.12.13"]
[EventType "swiss"]
[EventRounds "9"]
[EventCountry "ITA"]

1. Nf3 c5 2. c4 Nf6 3. e3 g6 4. Be2 Bg7 5. O-O O-O 6. Nc3 Nc6 7. d4 cxd4 8. exd4 d5 9. b3 Bg4 10. Be3 Rc8 11. Rc1 dxc4 12. bxc4 Na5 13. Ne5 Bxe2 14. Qxe2 Nd7 15. Nxd7 Qxd7 16. Nb5 a6 17. Na3 Qa4 18. Qb2 Rfd8 19. Rfe1 e6 20. Rb1 Rd7 21. Rec1 Nxc4 22. Nxc4 Rxc4 23. Rxc4 Qxc4 24. Rd1 Qd5 25. Rd2 Rc7 26. h3 Rc4 27. Qb6 h6 28. Kh2 g5 29. Qa7 Qd6+ 30. g3 Qd5 31. Rb2 Bxd4 32. Bxd4 Rxd4 0-1

[Event "18.Città di Padova Open A"]
[Site "Padova"]
[Date "2015.12.14"]
[Round "2.17"]
[White "Lazic, Miroljub"]
[Black "Santeramo, Alessia Carmen"]
[Result "1-0"]
[WhiteElo "2466"]
[BlackElo "2133"]
[Annotator "Gabriele Ballarin"]
[PlyCount "71"]
[EventDate "2015.12.13"]
[EventType "swiss"]
[EventRounds "9"]
[EventCountry "ITA"]

1. e4 e5 2. Nf3 Nc6 3. Bc4 Nf6 4. d3 h6 5. O-O d6 6. c3 g6 7. Bb3 Bg7 8. Re1 O-O 9. Nbd2 Re8 10. Nf1 Be6 11. Ng3 d5 12. Ba4 Qd6 13. d4 Nd7 14. dxe5 Ndxe5 15. Nd4 Bd7 16. Nb5 Qf6 17. Nxc7 Bg4 18. Nxe8 Rxe8 19. Qd2 Nc4 20. Qxd5 Nb6 21. Qb3 h5 22. h3 h4 23. Nf1 Be6 24. Qc2 Rc8 25. Bxc6 Rxc6 26. Be3 Nc4 27. Bd4 Qg5 28. Bxg7 Kxg7 29. Kh1 Ne5 30. Nh2 Bc4 31. b3 Bd3 32. Qc1 Qf6 33. f4 Nd7 34. e5 Qf5 35. Nf3 Nc5 36. Nd4 1-0

[Event "18.Città di Padova Open A"]
[Site "Padova"]
[Date "2015.12.14"]
[Round "2.18"]
[White "Santolini, Luigi"]
[Black "Vezzosi, Paolo"]
[Result "0-1"]
[WhiteElo "2156"]
[BlackElo "2369"]
[Annotator "Gabriele Ballarin"]
[PlyCount "80"]
[EventDate "2015.12.13"]
[EventType "swiss"]
[EventRounds "9"]
[EventCountry "ITA"]

1. d4 c5 2. d5 g6 3. e4 Bg7 4. Nf3 d6 5. c3 Nf6 6. Bd3 O-O 7. O-O e6 8. dxe6 Bxe6 9. h3 Nc6 10. Ng5 Qe7 11. f4 Rad8 12. Re1 h6 13. Nf3 d5 14. e5 Ne4 15. Qc2 Bf5 16. g4 Be6 17. Nbd2 Nxd2 18. Bxd2 c4 19. Bf1 Qd7 20. Be3 h5 21. gxh5 Bxh3 22. Bxh3 Qxh3 23. Qg2 Qxh5 24. Kf2 Qf5 25. Rad1 Rfe8 26. Rh1 b6 27. Rh3 Qc2+ 28. Rd2 Qe4 29. Re2 Rd7 30. Qh2 f6 31. Bd4 Qb1 32. e6 Rde7 33. Qg2 Rxe6 34. Rxe6 Qxb2+ 35. Kg3 Qxg2+ 36. Kxg2 Rxe6 37. Kf2 Ne7 38. Rh1 Re4 39. Be3 Nf5 40. Bd2 Bf8 0-1

[Event "18.Città di Padova Open A"]
[Site "Padova"]
[Date "2015.12.14"]
[Round "2.19"]
[White "Cocchi, Andrea"]
[Black "Bergamasco, Tommaso"]
[Result "0-1"]
[WhiteElo "2251"]
[BlackElo "2054"]
[Annotator "Gabriele Ballarin"]
[PlyCount "114"]
[EventDate "2015.12.13"]
[EventType "swiss"]
[EventRounds "9"]
[EventCountry "ITA"]

1. Nf3 Nf6 2. c4 d6 3. Nc3 g6 4. g3 Bg7 5. Bg2 e5 6. O-O O-O 7. Rb1 a5 8. a3 c6 9. d3 Re8 10. Qc2 d5 11. Bg5 h6 12. Bxf6 Bxf6 13. cxd5 cxd5 14. Nd2 Be6 15. Qb3 d4 16. Nd5 Bg7 17. Qxb7 Nd7 18. Qxa8 Qxa8 19. Ne7+ Kf8 20. Bxa8 Rxa8 21. Nc6 Bd5 22. Rfc1 h5 23. e4 dxe3 24. fxe3 Ra6 25. Nb8 Nxb8 26. Rc8+ Ke7 27. Rxb8 Rc6 28. Rb5 Be6 29. Nf3 Rc2 30. Rd1 Bh6 31. Rxe5 Kd6 32. e4 Be3+ 33. Kh1 Bg4 34. Rd5+ Ke7 35. Rf1 Bh3 36. Ne1 Re2 37. Rg1 Bxg1 38. Kxg1 Rxe1+ 39. Kf2 Rb1 40. Rxa5 Rxb2+ 41. Ke3 Rxh2 42. Ra7+ Bd7 43. d4 Rb2 44. Kf4 f6 45. e5 g5+ 46. Ke4 fxe5 47. dxe5 h4 48. gxh4 gxh4 49. Ra6 h3 50. Rh6 h2 51. Rh7+ Kd8 52. Kd5 Bg4 53. Ke4 Bc8 54. Rh8+ Kc7 55. Rh7+ Kb6 56. Rh6+ Kc5 57. Kf4 Bb7 0-1

[Event "18.Città di Padova Open A"]
[Site "Padova"]
[Date "2015.12.14"]
[Round "2.20"]
[White "Varvaglione, Antonio"]
[Black "Desideri, Leonardo"]
[Result "1-0"]
[WhiteElo "2247"]
[BlackElo "1770"]
[Annotator "Gabriele Ballarin"]
[PlyCount "91"]
[EventDate "2015.12.13"]
[EventType "swiss"]
[EventRounds "9"]
[EventCountry "ITA"]

1. e4 c5 2. c3 d5 3. exd5 Qxd5 4. d4 Nc6 5. Nf3 Bg4 6. Be2 Nf6 7. h3 Bh5 8. O-O cxd4 9. cxd4 e6 10. Nc3 Qa5 11. Qb3 Qb4 12. Rd1 Qxb3 13. axb3 O-O-O 14. Be3 Bd6 15. Rdc1 Kb8 16. g4 Bg6 17. Ne5 Bxe5 18. dxe5 Nd5 19. Nxd5 Rxd5 20. Bf3 Rxe5 21. Bf4 f6 22. Bxc6 bxc6 23. Bxe5+ fxe5 24. Rxc6 Re8 25. Rc5 e4 26. Rb5+ Ka8 27. Rd1 a6 28. Ra1 Ka7 29. Rba5 Kb6 30. Rxa6+ Kc5 31. Ra7 Kd4 32. Rd7+ Ke5 33. Ra5+ Kf4 34. Rxg7 e3 35. fxe3+ Kxe3 36. h4 Bd3 37. Rd7 e5 38. b4 h5 39. g5 e4 40. g6 Rf8 41. Rf7 Rg8 42. g7 Bc4 43. Re7 Rd8 44. Rae5 Rd1+ 45. Kh2 Rd2+ 46. Kg3 1-0

[Event "18.Città di Padova Open A"]
[Site "Padova"]
[Date "2015.12.14"]
[Round "2.21"]
[White "Pozzobon, Davide"]
[Black "Pescatore, Lorenzo"]
[Result "1-0"]
[WhiteElo "2037"]
[BlackElo "2243"]
[Annotator "Gabriele Ballarin"]
[PlyCount "117"]
[EventDate "2015.12.13"]
[EventType "swiss"]
[EventRounds "9"]
[EventCountry "ITA"]

1. e4 e5 2. Nf3 Nc6 3. Bb5 a6 4. Ba4 Nf6 5. O-O Be7 6. Re1 b5 7. Bb3 d6 8. h3 O-O 9. c3 Na5 10. Bc2 c5 11. d4 Nd7 12. b3 exd4 13. cxd4 Nc6 14. Nc3 Bf6 15. Be3 cxd4 16. Nxd4 Nxd4 17. Bxd4 Bb7 18. Bxf6 Qxf6 19. Ne2 Rac8 20. Rc1 Rc5 21. Bb1 Re8 22. f3 Rxc1 23. Qxc1 Ne5 24. Nf4 Qg5 25. Kh1 Rc8 26. Qe3 h6 27. Nd3 {=} Qxe3 28. Rxe3 Rc3 29. Kg1 Nc6 30. Kf2 Nd4 31. e5 d5 32. Nf4 Rc1 33. Re1 Rc3 34. Rd1 Ne6 35. Nxd5 Bxd5 36. Rxd5 g5 37. Rd6 a5 38. Rd5 Rc1 39. Bf5 Nc5 40. Ke2 b4 41. Kd2 Rc3 42. h4 a4 43. hxg5 hxg5 44. bxa4 Nxa4 45. e6 fxe6 46. Bxe6+ Kg7 47. Rd4 Ra3 48. Rxb4 Nc5 49. Bc4 Kf6 50. Ke2 Ke5 51. Bb3 Ra8 52. Rc4 Re8 53. Kf2 Rc8 54. Kg3 Rc7 55. Kg4 Kf6 56. Rd4 Rc6 57. Rd5 Nxb3 58. axb3 Rb6 59. Rf5+ 1-0

[Event "18.Città di Padova Open A"]
[Site "Padova"]
[Date "2015.12.14"]
[Round "2.22"]
[White "Massironi, Marco"]
[Black "Loiacono, Antonio"]
[Result "1-0"]
[WhiteElo "2242"]
[BlackElo "2010"]
[Annotator "Gabriele Ballarin"]
[PlyCount "45"]
[EventDate "2015.12.13"]
[EventType "swiss"]
[EventRounds "9"]
[EventCountry "ITA"]

1. e4 c5 2. Nf3 Nc6 3. d4 cxd4 4. Nxd4 Nf6 5. Nc3 Qb6 6. Be3 Qxb2 7. Ndb5 Qb4 8. Bd2 Kd8 9. Rb1 Qc5 10. Be2 e6 11. Be3 Qe7 12. O-O b6 13. e5 Ne8 14. Bf3 d5 15. Nxd5 exd5 16. Bxd5 Bb7 17. Bg5 f6 18. Bxc6+ Kc8 19. Qg4+ Kb8 20. exf6 Qc5 21. Bf4+ Bd6 22. Nxd6 Nxd6 23. Qd7 1-0

[Event "18.Città di Padova Open A"]
[Site "Padova"]
[Date "2015.12.14"]
[Round "2.23"]
[White "Vatkali, Dimitra"]
[Black "Movileanu, Daniela"]
[Result "0-1"]
[WhiteElo "1983"]
[BlackElo "2195"]
[Annotator "Gabriele Ballarin"]
[PlyCount "72"]
[EventDate "2015.12.13"]
[EventType "swiss"]
[EventRounds "9"]
[EventCountry "ITA"]

1. d4 Nf6 2. c4 g6 3. Nc3 d5 4. cxd5 Nxd5 5. e4 Nxc3 6. bxc3 Bg7 7. Bb5+ c6 8. Bc4 c5 9. Be3 Nc6 10. Ne2 O-O 11. O-O Na5 12. Bd3 b6 13. dxc5 bxc5 14. Bxc5 Qc7 15. Bd4 e5 16. Be3 Be6 17. Qc2 Nc4 18. Bxc4 Bxc4 19. Rfd1 Rfc8 20. Nc1 a5 21. a4 Qc6 22. Rb1 Rab8 23. Rxb8 Rxb8 24. Bg5 f6 25. Be3 Bf8 26. f3 Ba3 27. h4 Be6 28. h5 Kf7 29. Rd2 Bxc1 30. Qxc1 Rb3 31. Rd8 Rxc3 32. Qd2 Qc7 33. Bf2 Rc1+ 34. Kh2 Rc2 35. Bb6 Qxb6 36. Qxc2 Qxd8 0-1

[Event "18.Città di Padova Open A"]
[Site "Padova"]
[Date "2015.12.14"]
[Round "2.24"]
[White "Sorbera, Giovanni"]
[Black "Serefidou, Despina"]
[Result "1-0"]
[WhiteElo "2191"]
[BlackElo "1978"]
[Annotator "Gabriele Ballarin"]
[PlyCount "43"]
[EventDate "2015.12.13"]
[EventType "swiss"]
[EventRounds "9"]
[EventCountry "ITA"]

1. d4 Nf6 2. c4 e6 3. Nf3 b6 4. a3 Ba6 5. Qa4 Bb7 6. Nc3 c5 7. Bf4 cxd4 8. Nb5 Na6 9. b4 Be7 10. Nfxd4 O-O 11. Nd6 Qb8 12. N4b5 Ne4 13. Rd1 Bh4 14. g3 Bg5 15. Nxb7 Qxb7 16. Bg2 Bxf4 17. gxf4 d5 18. cxd5 exd5 19. Nd6 Qc7 20. Qxa6 Rfd8 21. Qb7 Qxb7 22. Nxb7 1-0

[Event "18.Città di Padova Open A"]
[Site "Padova"]
[Date "2015.12.14"]
[Round "2.25"]
[White "Kakumanu, Kunal"]
[Black "Ljubisavljevic, Zivojin Z"]
[Result "1/2-1/2"]
[WhiteElo "1918"]
[BlackElo "2183"]
[Annotator "Gabriele Ballarin"]
[PlyCount "55"]
[EventDate "2015.12.13"]
[EventType "swiss"]
[EventRounds "9"]
[EventCountry "ITA"]

1. e4 e6 2. d4 d5 3. Nd2 c5 4. exd5 exd5 5. Bb5+ Nc6 6. Ngf3 Bd6 7. dxc5 Bxc5 8. Nb3 Bb6 9. O-O Nge7 10. Re1 O-O 11. c3 a6 12. Bd3 Bf5 13. Be3 Bxe3 14. Rxe3 Qd6 15. Nbd4 Bxd3 16. Qxd3 h6 17. Rae1 Rad8 18. Nxc6 Nxc6 19. Nd4 Rd7 20. Rg3 Nxd4 21. Qxd4 f5 22. Rd3 Rf6 23. c4 Qb4 24. Qc3 Qxc3 25. bxc3 Rfd6 26. Red1 Kf7 27. cxd5 b5 28. Rd4 1/2-1/2

[Event "18.Città di Padova Open A"]
[Site "Padova"]
[Date "2015.12.14"]
[Round "2.26"]
[White "Gregori, Giacomo"]
[Black "Di Chiara, Mauro"]
[Result "1/2-1/2"]
[WhiteElo "2113"]
[BlackElo "1933"]
[Annotator "Gabriele Ballarin"]
[PlyCount "112"]
[EventDate "2015.12.13"]
[EventType "swiss"]
[EventRounds "9"]
[EventCountry "ITA"]

1. Nf3 Nf6 2. g3 g6 3. Bg2 Bg7 4. c4 O-O 5. O-O c5 6. Nc3 Nc6 7. d4 cxd4 8. Nxd4 Nxd4 9. Qxd4 d6 10. Qd3 Nd7 11. b3 Nc5 12. Qe3 Bd7 13. Bd2 Bc6 14. Rac1 Bxg2 15. Kxg2 a5 16. Rfd1 Qd7 17. Kg1 Bxc3 18. Bxc3 Qe6 19. Qxe6 fxe6 20. Bd4 b6 21. Kg2 e5 22. Be3 Kg7 23. f3 Rab8 24. Rc2 Rf5 25. Rb1 Rff8 26. Rd1 Ra8 {=} 27. Bc1 Rfb8 28. Bb2 Kg8 29. Rd5 Rf8 30. g4 e4 31. h4 exf3+ 32. exf3 Rf7 33. Re2 Raf8 34. Re3 e5 35. Rxd6 e4 36. Ba3 Rxf3 37. Bxc5 Rf2+ 38. Kg3 bxc5 39. h5 gxh5 40. gxh5 R2f3+ 41. Rxf3 Rxf3+ 42. Kg2 a4 43. bxa4 Ra3 44. Rd5 Rxa4 45. Rxc5 Rxa2+ 46. Kg3 e3 47. Kf3 e2 48. Kf2 Kg7 49. Ke1 Rc2 50. Rc6 h6 51. c5 Kf7 52. Rc8 Kf6 53. c6 Kg5 54. c7 Kxh5 55. Kf2 Kh4 56. Ke1 Kh5 1/2-1/2

[Event "18.Città di Padova Open A"]
[Site "Padova"]
[Date "2015.12.14"]
[Round "2.27"]
[White "Roberti, Ignazio"]
[Black "Quaranta, Cristiano"]
[Result "0-1"]
[WhiteElo "1890"]
[BlackElo "2112"]
[Annotator "Gabriele Ballarin"]
[PlyCount "74"]
[EventDate "2015.12.13"]
[EventType "swiss"]
[EventRounds "9"]
[EventCountry "ITA"]

1. Nf3 Nf6 2. b3 b6 3. Bb2 Bb7 4. e3 c5 5. Na3 a6 6. c4 e6 7. Nc2 Be7 8. Be2 O-O 9. O-O d5 10. Ne5 Nc6 11. f4 Qc7 12. Bf3 Rfd8 13. Qe1 Nd7 14. d4 Ndxe5 15. fxe5 dxc4 16. bxc4 Na5 17. Bxb7 Qxb7 18. Qf2 Bf8 19. Na3 Rac8 20. dxc5 Bxc5 21. Nc2 Nxc4 22. Bd4 Rd7 23. Rad1 Rcd8 24. Qe2 Bxd4 25. exd4 b5 26. a4 Nb2 27. axb5 Nxd1 28. bxa6 Nc3 29. Qd3 Qc8 30. Ra1 Nd5 31. a7 Qb7 32. Qc4 Ra8 33. Ra5 Rc7 34. Rc5 Rxc5 35. dxc5 Qxa7 36. Nd4 Qa1+ 37. Kf2 Ra4 0-1